MDQL
is popping MORE tags! Check the
thread
!
Quizzes
Events
Quiz Creation
Community
Videos
Private Events
Remove Ads
Sign In
Join for FREE
Feedback
Dark Mode
Quiz Categories
Sports
Geography
Music
Movies
Television
Just For Fun
Miscellaneous
History
Literature
Language
Science
Gaming
Entertainment
Religion
Holiday
For Kids
Quiz Lab
Recent
Popular Today
Quiz Kudos Today
Editor Picks
Curator Picks
Quizzes by...
Day
Popularity
Type
Ratings
Length
Year
Community
Subscriptions
Recent Discussions
Orange Saloon
Badges
Playlists
Quests
Create
Leaderboards
Showdown
Live 5
Trivia Bingo
Activity
Puzzle Library
Sporcle Events
Private Events
Virtual Trivia
Globe League
Become a Host
Pub Owners
SporcleCon
Opinionation
Our Games
Videos
Blog
Mobile Apps
Partnerships
Remove Ads and Go Orange
Feedback
Sports
Athletes
MLB
NBA
NHL
NFL
Soccer
Sports Teams
WWE
NCAA
Football
Premier League
Basketball
Baseball
Hockey
Golf
Tennis
Cricket
Rugby
Auto Racing
Olympics
World Cup
Sports
Athletes
MLB
NBA
NHL
NFL
Soccer
Sports Teams
WWE
NCAA
Football
Premier League
Basketball
Baseball
Hockey
Golf
Tennis
Cricket
Rugby
Auto Racing
Olympics
World Cup
Random Quiz
Search Sporcle
×
Quiz Lab
Quiz Lab
Sports
UFC
Type in answers that appear in a list
Type in answers that appear in a list
Classic
Best Score? Go Orange.
UFC heavyweight roster 2016 Stats
Can you name the UFC heavyweight roster 2016?
By
ufcislife
15m
41 Questions
151 Plays
151 Plays
151 Plays
Comments
Comments
Give Quiz Kudos
Give Quiz Kudos
-
- Ratings
hide this ad
Replay
Link that replays current quiz
Next Quiz
Link to next quiz in quiz playlist
You Got
0%
They Got
Avg Score
43%
Avg Friend Score
Upgrade to see
Score Distribution
Jump to the score distribution portion of the page
Score
0/41
Timer
15:00
0
Plays Today
Answer
% Correct
Fabricio Werdum
95.4%
Cain Velasquez
94%
Stipe Miocic
90.1%
Alistair Overeem
89.4%
Junior Dos Santos
88.1%
Mark Hunt
88.1%
Roy Nelson
86.8%
Andrei Arlovski
82.8%
Frank Mir
80.1%
Travis Browne
79.5%
Stefan Struve
77.5%
Ben Rothwell
73.5%
Josh Barnett
70.2%
Antonio Silva
68.2%
Derrick Lewis
67.5%
Gabriel Gonzaga
51.7%
Timothy Johnson
39.1%
Matt Mitrione
38.4%
Francis Ngannou
37.7%
Minotauro Nogueira
37.7%
Todd Duffee
33.8%
Answer
% Correct
Jared Rosholt
33.8%
Brendan Schaub
33.1%
Mirko Cro cop
32.5%
Anthony Hamilton
27.8%
Shawn Jordan
27.2%
Ruslan Magomedov
21.2%
Shane Carwin
18.5%
Marcin Tybura
18.5%
Walt Harris
15.2%
Shamil Abdurakhimov
14.6%
Luis Henrique
14.6%
Viktor Pesta
11.9%
Daniel Omielanczuk
10.6%
Jared Cannonier
9.3%
Damien Grabowski
8.6%
Alexey Oliynyk
8.6%
Jarjis Danho
7.3%
Chris DeLarocha
7.3%
Bojan Mihajlovic
5.3%
Antoni Hardonk
2.6%
Quiz Playlist
Details
Report
Send in Message
Add To Playlist
Classic:
Type in answers that appear in a list
Last Updated: Feb 16, 2017
Quiz Scoreboard
CHALLENGE
Sign Up to Join the Scoreboard
Show All
Scores
Hide
Comments
May contain spoilers
Recently Published
Find the 'City' Movie
by crazypaving
Movies
60s
5x2 Blitz: Bands
by SL_Kpop136
Music
30s
Colored Red Africa Blitz
by spor1
Geography
30s
More to Explore
Quiz From the Vault
Featured Blog Post
14 Easter Pick-up Lines to Find Eggs With
hide this ad
You Might Also Like...
Tags
2016
Heavyweight
Roster
UFC
Today's Top Quizzes in Sports
Browse Sports
hide this ad
Today's Top Quizzes in UFC
Browse UFC
Top Contributed Quizzes in Sports
1
Les entraîneurs de l'OM et du PSG au 21e siècle
2
Les meilleurs buteurs des matchs entre le PSG et l’OM
3
Les joueurs passés par le PSG et l'OM
4
Players with Multiple 50 Home Run Seasons
5
2022 World Cup Stars
6
Criteria MLB: Left Handed Sluggers
7
NBA Logic Puzzle 2.0
8
MLB Players with Two .350 Batting Average Seasons
9
Top 10 NHL Goal Scorers of All Time
10
Les joueurs passés par le LOSC et le RC Lens
Explore More
Trending Topics
Disney
Marvel
Anime
Harry Potter
Kpop
Crossword
NBA
The Office
Puzzle
Song
Soccer
NFL
WWE
Country
Pokémon
hide this ad
More By:
ufcislife
Quiz
Plays
Rating
Category
Featured
Created
UFC heavyweight roster 2016
151
Sports
Mar 2, 2016
Go to Creator's Profile
Score Distribution
Quiz Creator Spotlight
ufcislife
Follow
Send a Message
Quizzes Created
-
Created Quiz Play Count
-
More By This Creator
Popular Quizzes Today
1
Colored Red Africa Blitz
2
Find the 'City' Movie
3
Find the US States - No Outlines Minefield
4
5x2 Blitz: Bands
5
The Countries of the World
6
Find the US States
7
US States
8
Find the Countries of Europe - No Outlines Minefield
More Sports Quizzes
Name the NBA Players College 2020
Quiz Lab
Trending Quizzes
Colored Red Europe Blitz I
Colored Red Europe Blitz II
Colored Red Africa Blitz II
Colored Red Europe Blitz III
Colored Red Africa Blitz III
Recently Updated
How Do You Spell That?
pecheneg
Godzilla Movies
pecheneg
Grab Bag: 4-10 Letters
pecheneg
2024 March Madness Bracket
pecheneg
Famous TV Couples
Peacemaker
Champions League XIs: Real Madrid
pecheneg
Largest US Cities 1790-2010
pecheneg
Rides in Walt Disney World
pecheneg
Most Oscar Losses (Acting)
pecheneg
Beyoncé Albums
pecheneg
Trending Topics
Marvel
NBA
Crossword
Anime
Kpop
Harry Potter
Disney
Puzzle
Pokémon
Song
WWE
Soccer
Country
NFL
The Office
Your Account Isn't Verified!
In order to create a playlist on Sporcle, you need to verify the email address you used during registration. Go to your
Sporcle Settings
to finish the process.
Report this User
Report this user for behavior that violates our
Community Guidelines
.
Details:
Send Report
Go to the Sporcle.com Mobile Site →
Comments